| 000 | 01022cam a22003135i 4500 | ||
|---|---|---|---|
| 003 | EG-ScBUE | ||
| 005 | 20240911083556.0 | ||
| 008 | 200219s2006 enka f d 001 0 eng d | ||
| 020 | _a0273701959 (pbk.) | ||
| 020 | _a9780273701958 (pbk.) | ||
| 040 |
_aEG-ScBUE _beng _erda _cEG-ScBUE _dEG-ScBUE |
||
| 082 | 0 | 4 |
_a512.024339 _bJAC _222 |
| 100 | 1 |
_aJacques, Ian, _d1957- _eauthor. |
|
| 245 | 1 | 0 |
_aMathematics for economics and business / _cIan Jacques. |
| 250 | _aFifth edition. | ||
| 264 | 1 |
_aHarlow, England ; _aNew York : _bPearson Education / Prentice Hall / Financial Times, _c2006. |
|
| 300 |
_a683 pages : _billustrations ; _c24 cm |
||
| 336 |
_atext _btxt _2rdacontent |
||
| 337 |
_aunmediated _bn _2rdamedia |
||
| 338 |
_avolume _bnc _2rdacarrier |
||
| 500 | _aIncludes index. | ||
| 500 | _aIncludes glossary. | ||
| 650 | 7 |
_aEconomics, Mathematical. _2BUEsh |
|
| 650 | 7 |
_aBusiness mathematics. _2BUEsh |
|
| 651 | _2BUEsh | ||
| 653 |
_bBUSADM _bBUSECO _cDecember2020 |
||
| 655 | _vReading book | ||
| 942 |
_cBB _2ddc |
||
| 999 |
_c9508 _d9508 |
||